000 00961nam a2200277 a 4500
001 1956656
003 GBCCL
005 20241126110413.0
008 870804s1987 pau b 001 0 eng
010 _a 87162179
020 _a087722479X
020 _a1850430543
040 _aDLC
_cDLC
_dDLC
050 0 0 _aBT83.57
_b.B49 1987b
082 0 0 _a230.0464
_219
_bBER
100 1 _aBerryman, Phillip.
_94038
245 1 0 _aLiberation theology :
_bessential facts about the revolutionary movement in Latin America--and beyond /
_cPhillip Berryman.
260 _aPhiladelphia :
_bTemple University Press,
_cc1987.
300 _a231 p. ;
_c21 cm.
500 _aJacket has subtitle: Essential facts about the revolutionary religious movement in Latin America and beyond.
500 _aIncludes index.
504 _aBibliography: p. [209]-222.
650 0 _aLiberation theology.
_91640
906 _a7
_bcbc
_corignew
_d2
_encip
_f19
_gy-gencatlg
942 _2ddc
_cBK
_07
999 _c1953
_d1953